Word Ladder: Potter Daughter Quiz Stats

 Plays Quiz Updated Aug 14, 2015

Challenge
Share
Tweet
Embed
Score 0/24 Timer 03:00
6 Plays Today
Clue 4-Letter Word % Correct
The back of the footHEEL
92.3%
The final resting place of sinners?HELL
91.5%
Costing absolutely nothingFREE
90.8%
Use your sense of touchFEEL
90.6%
*The first name of both Harry Potter's daughter and mother*LILY
89.7%
The shape of ItalyBOOT
88.3%
*Harry Potter's deceased brother-in-law*FRED
88%
Run awayFLEE
87.2%
Organ to breathe withLUNG
86.8%
Cater a partyFEED
82.6%
The word after Benny, Bunker, and BlueberryHILL
81.2%
The part of the sword you take hold ofHILT
80.6%
Clue 4-Letter Word % Correct
*Harry Potter's daughter's middle name, shared with a Lovegood*LUNA
80.5%
Sexual desireLUST
80.3%
The goods taken from a wartime enemyLOOT
80.3%
A dark ink stainBLOT
78.5%
JJ Abrams TV showLOST
76.3%
Going over 21 in blackjackBUST
75.4%
Gently tap a thrown baseball with your batBUNT
73.4%
The rise and fall of one's voiceLILT
73.2%
A sheet of floating iceFLOE
72.6%
A stopper for a hole in a caskBUNG
71.2%
*A powder and network used for travel*FLOO
66.1%
Mac's blue imaginary friend in 'Foster's Home'BLOO
57.2%

Today's Daily Dose

You're not logged in!

Compare scores with friends on all Sporcle quizzes.
OR
Log In

You Might Also Like...

Show Comments

Extras

Top Quizzes Today


Score Distribution

Your Account Isn't Verified!

In order to create a playlist on Sporcle, you need to verify the email address you used during registration. Go to your Sporcle Settings to finish the process.

Report this User

Report this user for behavior that violates our Community Guidelines.

Details: